000 00577nam a22002177a 4500
003 UA-OsUOA
001 74034
007 ta
008 20110324b un ||||| |||| 00| 0 ukr d
100 _aИчин К.
090 _a101
_bИ96
942 _cSA
040 _aUA-OsUOA
_brus
_cUA-OsUOA
_dUA-OsUOA
245 _aТеория относительности в восприятии Александра Введенского
300 _aС.106-116
955 _a0
041 _arus
080 _a101
773 0 _w74030
650 7 _a1 Філософські науки
_2UDC
999 _c360326
_d360326